00631nam a2200193Ia 450000500170000000800410001702000180005804000180007604100080009408200270010210000150012924500620014425000120020626000660021830000290028465000450031365000430035865000360040120230210154455.0210716s2011 xx 000 0 und d a9780070221161 cAIMIT LIBRARY aeng a658.1599 APTP25bAPTP aApte, P G. aInternational financial management /cBy Prakash G Apte. a5th ed. aNew Delhi :bTata McGraw Hill Publishing Company Ltd ,c2011. axv,696p. ;bPBc23.5 cm. aFinancial management in a global context aFinancial swaps and credit derivatives aInternational project appraisal